01363nam a22001937a 4500008004100000020001500041050001500056245009400071260002800165300001800193500004700211504005500258505068800313650002601001700003801027700003601065700003401101700003401135190212s2005 sp |||| |||| 001 0 spa d a8484733122 4aRJ370bT7300aTratado de urgencias en pediatríac/ J. Benito, C. Luaces, S. Mintegi, J. Pou...[et.al]3 aMadridb: ERGONc, 2005 a928 páginas aIncluye índice de materias (pp. 913-928) aIncluye bibliografía al final de cada capítulo1 aLos problemas psicosociales en urgencias Organización de un servicio de urgencias pediátrico Técnicas y procedimientos más habituales en urgencias de pediatría Resucitación cardiopulmonar Atención inicial al niño politraumatizado Sueroterapia Analgesia y sedación Síndrome febril Enfermedades y síntomas respiratorios Enfermedades y síntomas digestivos Enfermedades y síntomas nefro-urológicos Enfermedades y síntomas cardiológicos Enfermedades y síntomas neurológicos Urgencias endocrino-mmetabólicas Enfermedades y síntomas osteoarticulares y de tejidos blandos Accidentes infantiles Miscelanea Urgencias pediátricas en atención primaria14aURGENCIAS PEDIATRICAS1 aBenito Fernández, Javiereautor1 aLuaces i Cubells, Carleseautor aMintegi Raso Santiago eautor1 aPou i Fernandez, Jordicautor